Statistiken für Die 91 Abgeordneten des 6. Thüringer Landtags.

Klicken Sie hier um das Quiz zu spielen!

Allgemein

  • Dieses Quiz wurde 43 mal gespielt
  • Das Durchschnittsergebnis liegt bei 18 aus 91

Antwortstatistiken

MdL% Korrekt
A. Müller
74%
O. Müller
74%
Höcke
71%
Mohring
48%
Taubert
48%
Voigt
39%
Adams
35%
A. Lehmann
35%
Becker
35%
D. Lehmann
35%
Engel
35%
Henfling
35%
Hey
35%
König
35%
Lieberknecht
35%
Marx
35%
Möller
35%
Hartung
32%
Hennig-Wellsow
32%
Heym
32%
Worm
32%
Herold
29%
Rothe-Beinlich
29%
Dittes
26%
Kobelt
26%
Leukefeld
26%
Liebetrau
26%
Meißner
26%
Pidde
26%
Scheerschmidt
26%
Diezel
23%
Floßmann
23%
Harzer
23%
Holzapfel
23%
Kuschel
23%
Schulze
23%
Zippel
23%
Bühl
19%
Fiedler
19%
Helmerich
19%
Kowalleck
19%
Mühlbauer
19%
Hausold
16%
Muhsal
16%
Primas
16%
Skibbe
16%
Tischner
16%
Wucherpfennig
16%
Blechschmidt
13%
Hande
13%
Jung
13%
Kellner
13%
Kießling
13%
Korschewsky
13%
Kummer
13%
Wolf
13%
Emde
10%
Gentele
10%
König-Preuss
10%
Lukin
10%
Mitteldorf
10%
Pfefferlein
10%
Schaft
10%
Scherer
10%
Scheringer-Wright
10%
Stange
10%
Tasch
10%
Walk
10%
Warnecke
10%
Berninger
6%
Gehl
6%
Geibert
6%
Grob
6%
Gruhner
6%
Henke
6%
Herrgott
6%
Holbe
6%
Kalich
6%
Kräuter
6%
Krumpe
6%
Kubitzki
6%
Lukasch
6%
Malsch
6%
Pelke
6%
Reinholz
6%
Rietschel
6%
Rosin
6%
Rudy
6%
Thamm
6%
Wagler
6%
Wirkner
6%

Verteilung der Resultate

Perzentil nach korrekt beantworteten Fragen

Anzahl Personen mit jedem Resultat

Ihre Resultats-Entwicklung

Sie haben dieses Quiz noch nicht gespielt